00421nam a22001457a 4500008004100000020001800041041000800059080000800067100000600075101000800081245004600089942001200135999001700147952011100164180906b xxu||||| |||| 00| 0 eng d a9780880482486 aeng a616 a9 aSHM aAmerican Rewiew Of PsychiatrycTasman.A 2udccBK c47569d47569 00102udc40708PËKGa002b002cPËKGd2018-09-06l0o616 TASp002-3011840r2018-09-06w2018-09-06yBK